| 000 | 00868nas a2200277 4500 | ||
|---|---|---|---|
| 001 | BR0104602 | ||
| 003 | BR-BrBNA | ||
| 005 | 20231205102604.0 | ||
| 007 | ta | ||
| 008 | 230509b bl.|||p| |||| 00| 00por d | ||
| 040 |
_aBR-BrBNA _bpor _cBiblioteca Nacional de Agricultura |
||
| 041 | _a(Pt) | ||
| 072 | _aQ04 | ||
| 100 | 1 | _aGutkoski, L.C. | |
| 100 | 1 | _aSchulz, J.G. | |
| 100 | 1 | _aSampaio, M.B. | |
| 100 | 1 | _aSilva, D.R. da | |
| 245 | 1 | _aAvaliacao de parametros fisicos e quimicos de marcas de erva-mate processadas em diferentes epocas | |
| 650 | _aMate | ||
| 650 | _aPropriedade Fisico-Quimica | ||
| 650 | _aCafeina | ||
| 650 | _aSul | ||
| 773 | 0 |
_tBoletim do Centro de Pesquisa e Processamento de Alimentos (Brazil) _xISSN 0102-0323 _g(Jan-Jun 2001), v. 19(1) p. 95-104 _wBR0104602 |
|
| 909 |
_a202311 _bLúcia _c55 _dLúcia Elande |
||
| 942 |
_2AGRIS _n0 _cANA |
||
| 999 |
_c168317 _d168317 |
||